[Event "World op"]
[Site "Philadelphia USA"]
[Date "2008.07.04"]
[Round "4"]
[White "Panjwani, Raja"]
[Black "Almeida, A."]
[Result "1/2-1/2"]
[WhiteElo "2310"]
[BlackElo "1753"]
[PlyCount "51"]
[EventDate "2008.07.02"]
[EventType "swiss"]
[EventRounds "9"]
[EventCountry "USA"]
[Source "Mark Crowther"]
[SourceDate "2008.07.08"]

1. e4 c5 2. Nf3 d6 3. d4 cxd4 4. Nxd4 Nf6 5. f3 e5 6. Nb3 d5 7. Bg5 Be6 8. Bxf6
gxf6 9. exd5 Qxd5 10. Qxd5 Bxd5 11. Nc3 Be6 12. Nb5 Na6 13. O-O-O Bh6+ 14. Kb1
O-O 15. Nd6 Rfd8 16. Be2 Nb4 17. a3 Nd5 18. Nxb7 Rdc8 19. Bd3 Rab8 20. Nd6 Rc7
21. Nf5 Bf8 22. Be4 Nb6 23. Ne3 Rbc8 24. Rd3 Bh6 25. Nf5 Bf8 26. Ne3 1/2-1/2

[Event "World op"]
[Site "Philadelphia USA"]
[Date "2008.07.05"]
[Round "6"]
[White "Smith, Bryan"]
[Black "Panjwani, Raja"]
[Result "1-0"]
[WhiteElo "2394"]
[BlackElo "2310"]
[PlyCount "43"]
[EventDate "2008.07.02"]
[EventType "swiss"]
[EventRounds "9"]
[EventCountry "USA"]
[Source "Mark Crowther"]
[SourceDate "2008.07.08"]

1. e4 c5 2. Nc3 a6 3. Nf3 d6 4. d4 cxd4 5. Nxd4 Nf6 6. Bg5 e6 7. f4 Qb6 8. Qd2
Nc6 9. Bxf6 gxf6 10. Nb3 Bd7 11. O-O-O O-O-O 12. Be2 h5 13. Rhf1 h4 14. Rf3 Ne5
15. Rh3 Qf2 16. Kb1 Qxg2 17. Qe3 Ng4 18. Qb6 Qf2 19. Rd4 Qg1+ 20. Nc1 Bc6 21.
Bxa6 Kd7 22. Rxd6+ 1-0

[Event "World op"]
[Site "Philadelphia USA"]
[Date "2008.07.05"]
[Round "7"]
[White "Panjwani, Raja"]
[Black "Sarkar, Justin"]
[Result "0-1"]
[WhiteElo "2310"]
[BlackElo "2416"]
[PlyCount "112"]
[EventDate "2008.07.02"]
[EventType "swiss"]
[EventRounds "9"]
[EventCountry "USA"]
[Source "Mark Crowther"]
[SourceDate "2008.07.08"]

1. e4 c5 2. Nf3 Nc6 3. Bb5 Nf6 4. Bxc6 dxc6 5. d3 Bg4 6. h3 Bh5 7. Nbd2 Nd7 8.
Nc4 f6 9. O-O e5 10. Ne3 Qc7 11. a3 Bd6 12. c3 Nf8 13. Nf5 O-O-O 14. b4 c4 15.
dxc4 Bxb4 16. axb4 Rxd1 17. Rxd1 Bxf3 18. gxf3 b6 19. c5 bxc5 20. bxc5 Kb8 21.
Be3 Ne6 22. Nd6 Ka8 23. Nc4 Rb8 24. Nb6+ Kb7 25. Rd7 axb6 26. Rxc7+ Kxc7 27.
cxb6+ Kc8 28. Rd1 Rb7 29. Rd6 Nd8 30. c4 Rd7 31. Rxd7 Kxd7 32. c5 g5 33. h4 h6
34. Kg2 Ke6 35. Kh3 Kf7 36. Kg4 Kg6 37. h5+ Kf7 38. Kf5 Nb7 39. Bxg5 hxg5 40.
h6 Nxc5 41. h7 Kg7 42. h8=Q+ Kxh8 43. Kxf6 Nd7+ 44. Kxg5 c5 45. f4 c4 46. fxe5
c3 47. e6 c2 48. exd7 c1=Q+ 49. Kf6 Qc6+ 50. Ke7 Qxe4+ 51. Kd6 Qf4+ 52. Ke6 Qf8
53. f4 Kg7 54. b7 Qf6+ 55. Kd5 Qb6 56. Ke5 Kf7 0-1

[Event "World op"]
[Site "Philadelphia USA"]
[Date "2008.07.06"]
[Round "9"]
[White "Panjwani, Raja"]
[Black "Trower, Todd"]
[Result "1-0"]
[WhiteElo "2310"]
[BlackElo "2007"]
[PlyCount "69"]
[EventDate "2008.07.02"]
[EventType "swiss"]
[EventRounds "9"]
[EventCountry "USA"]
[Source "Mark Crowther"]
[SourceDate "2008.07.08"]

1. d4 e6 2. e4 d5 3. Nc3 dxe4 4. Nxe4 Nd7 5. Nf3 Ngf6 6. Nxf6+ Nxf6 7. Be3 Bd6
8. c4 O-O 9. Be2 b6 10. O-O Bb7 11. h3 Nd7 12. Qd2 e5 13. Rfd1 e4 14. Ne1 f5
15. c5 f4 16. cxd6 fxe3 17. Qxe3 cxd6 18. Qg3 d5 19. Nc2 Rc8 20. Ne3 Rc6 21.
Rac1 Qc8 22. Nxd5 Rf7 23. Rxc6 Qxc6 24. Ne3 b5 25. a4 Ba6 26. Bg4 Nf8 27. d5
Qf6 28. Be6 Nxe6 29. Ng4 Qg5 30. dxe6 Rf8 31. h4 Qc5 32. Rd7 Qc1+ 33. Kh2 Qxb2
34. Nh6+ Kh8 35. e7 1-0

[Event "North American FIDE inv.-2"]
[Site "Chicago USA"]
[Date "2008.03.22"]
[Round "1"]
[White "Arnold, M."]
[Black "Panjwani, Raja"]
[Result "1-0"]
[WhiteElo "2276"]
[BlackElo "2298"]
[PlyCount "65"]
[EventDate "2008.03.22"]
[EventType "tourn"]
[EventRounds "9"]
[EventCountry "USA"]
[EventCategory "3"]
[Source "Mark Crowther"]
[SourceDate "2008.03.31"]

1. d4 Nf6 2. c4 e6 3. Nf3 d5 4. Bg5 Nbd7 5. Nc3 Bb4 6. cxd5 exd5 7. e3 c5 8.
Qc2 Qa5 9. Bd3 c4 10. Bf5 Bxc3+ 11. bxc3 O-O 12. O-O Re8 13. Nd2 g6 14. Bxd7
Nxd7 15. Rfe1 Nb6 16. f3 Kg7 17. Bf4 Na4 18. Rac1 b5 19. e4 Be6 20. exd5 Bxd5
21. Ne4 Bxe4 22. fxe4 Nb6 23. Qf2 Nd7 24. e5 Qa3 25. Rf1 Qe7 26. Qd2 Kg8 27.
Bg5 Qe6 28. Rce1 Qd5 29. Qf4 Qe6 30. d5 Qf5 31. Qh4 Qd3 32. Rxf7 Nf8 33. e6 1-0

[Event "North American FIDE inv.-2"]
[Site "Chicago USA"]
[Date "2008.03.22"]
[Round "2"]
[White "Panjwani, Raja"]
[Black "Tsyganov, Igor"]
[Result "1/2-1/2"]
[WhiteElo "2298"]
[BlackElo "2260"]
[PlyCount "114"]
[EventDate "2008.03.22"]
[EventType "tourn"]
[EventRounds "9"]
[EventCountry "USA"]
[EventCategory "3"]
[Source "Mark Crowther"]
[SourceDate "2008.03.31"]

1. e4 c5 2. Nf3 Nc6 3. Nc3 g6 4. d4 cxd4 5. Nxd4 Bg7 6. Be3 Nf6 7. Bc4 O-O 8.
Bb3 Ng4 9. Qxg4 Nxd4 10. Qh4 d6 11. Nd5 Re8 12. O-O Be6 13. c3 Nxb3 14. axb3
Bxd5 15. exd5 a6 16. Bg5 Qd7 17. Rfe1 e5 18. Ra4 Qb5 19. Qc4 Qxc4 20. bxc4 h6
21. Be3 Rad8 22. Rb4 Rd7 23. Rb6 Rc8 24. b3 f5 25. f4 e4 26. Bd4 Kf7 27. Bxg7
Kxg7 28. Kf2 Rc5 29. Ra1 Kf7 30. Ke3 Rc8 31. Kd4 g5 32. Rf1 g4 33. Ra1 h5 34.
Ke3 h4 35. Ra4 Re8 36. Ra5 Rc8 37. Ra1 Re8 38. Re1 Rc8 39. Kd4 Ke7 40. Ra1 Kf7
41. b4 Rcd8 42. Rd1 Ke7 43. Ra1 Kf7 44. Ra5 Re8 45. Ke3 Rc8 46. Kd4 Re8 47. Ra2
g3 48. hxg3 hxg3 49. c5 dxc5+ 50. Kxc5 e3 51. Re2 Re4 52. Rh6 Rc7+ 53. Kd6 Rxc3
54. Rh7+ Kf6 55. Rh6+ Kf7 56. Rh7+ Kf6 57. Rh6+ Kf7 1/2-1/2

[Event "North American FIDE inv.-2"]
[Site "Chicago USA"]
[Date "2008.03.23"]
[Round "3"]
[White "Coleman, Teddy"]
[Black "Panjwani, Raja"]
[Result "1-0"]
[WhiteElo "2244"]
[BlackElo "2298"]
[PlyCount "79"]
[EventDate "2008.03.22"]
[EventType "tourn"]
[EventRounds "9"]
[EventCountry "USA"]
[EventCategory "3"]
[Source "Mark Crowther"]
[SourceDate "2008.03.31"]

1. d4 Nf6 2. c4 g6 3. Nc3 Bg7 4. e4 d6 5. Nge2 O-O 6. f3 a6 7. Be3 Nbd7 8. a4
a5 9. Qd2 e5 10. Rd1 Re8 11. c5 d5 12. dxe5 Nxe5 13. Nf4 c6 14. Be2 g5 15. Nh3
Bxh3 16. gxh3 Qc8 17. Bxg5 Qxh3 18. Qe3 h6 19. Bf4 Nh5 20. Bxh6 Qh4+ 21. Kf1
Ng3+ 22. Kg2 d4 23. hxg3 Qxh1+ 24. Rxh1 dxe3 25. Bxe3 Rad8 26. f4 Nd3 27. Kf3
Nxb2 28. e5 f6 29. Ne4 fxe5 30. f5 Rd4 31. Rb1 Rb4 32. Bd2 Rxe4 33. Kxe4 Nxa4
34. Rc1 Rd8 35. Be3 Nb2 36. g4 a4 37. g5 a3 38. f6 Bf8 39. g6 a2 40. Bg4 1-0

[Event "North American FIDE inv.-2"]
[Site "Chicago USA"]
[Date "2008.03.23"]
[Round "4"]
[White "Panjwani, Raja"]
[Black "Young, A."]
[Result "1-0"]
[WhiteElo "2298"]
[BlackElo "2360"]
[PlyCount "53"]
[EventDate "2008.03.22"]
[EventType "tourn"]
[EventRounds "9"]
[EventCountry "USA"]
[EventCategory "3"]
[Source "Mark Crowther"]
[SourceDate "2008.03.31"]

1. e4 c5 2. Nf3 e6 3. Nc3 a6 4. d4 cxd4 5. Nxd4 Qb6 6. Be2 Nc6 7. Nxc6 Qxc6 8.
O-O Bd6 9. f4 f6 10. Kh1 Ne7 11. Bf3 Qc7 12. e5 Bb4 13. exf6 gxf6 14. Bh5+ Kd8
15. Ne4 Rf8 16. a3 Qc4 17. Be3 Nf5 18. Bb6+ Ke7 19. Bf3 Qc6 20. Bf2 Ba5 21. g4
d5 22. Bc5+ Ke8 23. gxf5 dxe4 24. Bh5+ Rf7 25. Bxf7+ Kxf7 26. Qh5+ Kg7 27. Rg1+
1-0

[Event "North American FIDE inv.-2"]
[Site "Chicago USA"]
[Date "2008.03.24"]
[Round "5"]
[White "Shankar, Gauri"]
[Black "Panjwani, Raja"]
[Result "0-1"]
[WhiteElo "2219"]
[BlackElo "2298"]
[PlyCount "144"]
[EventDate "2008.03.22"]
[EventType "tourn"]
[EventRounds "9"]
[EventCountry "USA"]
[EventCategory "3"]
[Source "Mark Crowther"]
[SourceDate "2008.03.31"]

1. d4 Nf6 2. c4 g6 3. Nc3 Bg7 4. e4 d6 5. Nf3 O-O 6. Be2 c6 7. O-O e5 8. Be3
Na6 9. Re1 exd4 10. Nxd4 Re8 11. f3 Nc5 12. Qd2 a5 13. Rad1 Nfd7 14. Bf1 a4 15.
Nde2 Qa5 16. Rb1 Ne5 17. Nd4 Be6 18. b4 axb3 19. axb3 Qc7 20. Be2 h5 21. f4 Ng4
22. Nxe6 Rxe6 23. Bxc5 dxc5 24. Bxg4 Bd4+ 25. Kh1 hxg4 26. e5 Qa5 27. b4 cxb4
28. Qxd4 bxc3 29. Rbc1 Rd8 30. Qxc3 Qxc3 31. Rxc3 Rd4 32. Rf1 c5 33. Rc2 Rb6
34. g3 Rb3 35. Kg2 Rb4 36. Rfc1 Kf8 37. h3 Rb3 38. Rg1 gxh3+ 39. Kh2 Ke7 40.
Rf1 Rdd3 41. Rg1 Rd4 42. Rf1 Rb4 43. Rfc1 Ke6 44. Kxh3 Kf5 45. Rc3 b6 46. R1c2
Rb1 47. Rc1 Rb2 48. R1c2 Rxc2 49. Rxc2 Rd7 50. Rb2 Rb7 51. Rd2 g5 52. Rd6 gxf4
53. Rf6+ Kxe5 54. Rxf4 f5 55. Kh4 Rg7 56. Kh3 Rh7+ 57. Kg2 Rd7 58. Rf2 Rd4 59.
Rb2 Rxc4 60. Rxb6 Re4 61. Kf3 Kd5 62. Rf6 Re5 63. Ra6 Kd4 64. Kf4 Rd5 65. Ra1
c4 66. Rd1+ Kc5 67. Rc1 Kb4 68. Ke3 Kb3 69. Ra1 c3 70. Ra8 c2 71. Rb8+ Kc4 72.
Rc8+ Rc5 0-1

[Event "North American FIDE inv.-2"]
[Site "Chicago USA"]
[Date "2008.03.26"]
[Round "7"]
[White "Arjun, Vishnuvardhan"]
[Black "Panjwani, Raja"]
[Result "0-1"]
[WhiteElo "2392"]
[BlackElo "2298"]
[PlyCount "102"]
[EventDate "2008.03.22"]
[EventType "tourn"]
[EventRounds "9"]
[EventCountry "USA"]
[EventCategory "3"]
[Source "Mark Crowther"]
[SourceDate "2008.03.31"]

1. e4 c5 2. Nc3 Nc6 3. g3 g6 4. Bg2 Bg7 5. Nge2 d6 6. a3 Nd4 7. O-O Rb8 8. b4
b6 9. Rb1 Ba6 10. d3 e6 11. Be3 Ne7 12. Qd2 O-O 13. Nc1 Rc8 14. b5 Bb7 15. Nd1
a6 16. a4 axb5 17. c3 Ndc6 18. axb5 Ne5 19. Bh6 Bxh6 20. Qxh6 f5 21. Qe3 Qc7
22. f4 Ng4 23. Qe2 Nf6 24. Re1 fxe4 25. dxe4 e5 26. fxe5 dxe5 27. c4 Qd7 28.
Nb3 Rcd8 29. Nc3 Qd3 30. Nd5 Qxe2 31. Rxe2 Nc8 32. Bh3 Bxd5 33. exd5 Nd6 34.
Nd2 e4 35. Be6+ Kg7 36. g4 h6 37. h4 Ra8 38. Rc1 Ra2 39. Rce1 e3 40. Nf1 Rxe2
41. Rxe2 Nxc4 42. Nxe3 Nxe3 43. Rxe3 Rd8 44. Ra3 Ne4 45. Ra7+ Kf6 46. Rc7 Ke5
47. Rb7 Rd6 48. Bd7 c4 49. Bc6 c3 50. Ra7 c2 51. Ra1 Nc3 0-1

[Event "North American FIDE inv.-2"]
[Site "Chicago USA"]
[Date "2008.03.27"]
[Round "8"]
[White "Amanov, Mesgen"]
[Black "Panjwani, Raja"]
[Result "1-0"]
[WhiteElo "2403"]
[BlackElo "2298"]
[PlyCount "109"]
[EventDate "2008.03.22"]
[EventType "tourn"]
[EventRounds "9"]
[EventCountry "USA"]
[EventCategory "3"]
[Source "Mark Crowther"]
[SourceDate "2008.03.31"]

1. c4 g6 2. g3 Bg7 3. Bg2 d6 4. Nf3 Nf6 5. O-O O-O 6. d4 c6 7. Qc2 Bf5 8. Qb3
Qc7 9. Nc3 Ne4 10. Nh4 Nxc3 11. bxc3 Bg4 12. e4 c5 13. d5 Qb6 14. Bd2 Qa6 15.
f3 Bc8 16. Rfe1 Nd7 17. Bf1 e5 18. Bd3 Qa5 19. f4 Bh6 20. Qc2 Qd8 21. f5 Bxd2
22. Qxd2 Kg7 23. Rf1 h6 24. Kg2 g5 25. Nf3 g4 26. Nh4 Qg5 27. f6+ Nxf6 28.
Qxg5+ hxg5 29. Nf5+ Bxf5 30. Rxf5 Kg6 31. Raf1 Ng8 32. R5f2 f6 33. Rb2 Rf7 34.
Rfb1 Rb8 35. Rb3 Nh6 36. Ra3 b6 37. Rf1 Re8 38. Ra6 Kg7 39. Re1 Ref8 40. Re2 f5
41. exf5 Re7 42. a4 Nxf5 43. Bxf5 Rxf5 44. a5 Rb7 45. Re4 Rf3 46. Rxg4 Rxc3 47.
Rxg5+ Kf6 48. Rh5 Kg6 49. Rh8 Ra3 50. Rd8 Rxa5 51. Rxd6+ Kf5 52. Rxa5 bxa5 53.
Rc6 Rb6 54. g4+ Kg5 55. h4+ 1-0

[Event "North American FIDE inv.-2"]
[Site "Chicago USA"]
[Date "2008.03.28"]
[Round "9"]
[White "Panjwani, Raja"]
[Black "Pasalic, Mehmed"]
[Result "1/2-1/2"]
[WhiteElo "2298"]
[BlackElo "2395"]
[PlyCount "92"]
[EventDate "2008.03.22"]
[EventType "tourn"]
[EventRounds "9"]
[EventCountry "USA"]
[EventCategory "3"]
[Source "Mark Crowther"]
[SourceDate "2008.03.31"]

1. e4 c5 2. Nf3 d6 3. d4 cxd4 4. Nxd4 Nf6 5. Nc3 Nc6 6. Be2 e6 7. Be3 a6 8. f4
Be7 9. Qd2 Qc7 10. O-O-O O-O 11. g4 Nxd4 12. Qxd4 d5 13. exd5 Nxd5 14. Nxd5
exd5 15. f5 Bd7 16. Qd2 Rac8 17. Kb1 Rfe8 18. Bd4 Bf8 19. Bf3 Ba4 20. b3 Bc6
21. f6 g6 22. h4 Qg3 23. h5 Qxf3 24. hxg6 fxg6 25. Rdf1 Qxf1+ 26. Rxf1 Rc7 27.
f7+ Rxf7 28. Rxf7 Kxf7 29. Qf4+ Ke6 30. Qf6+ Kd7 31. Qf7+ Kc8 32. Kb2 Bd7 33.
Bb6 Bd6 34. Qxd5 Be5+ 35. c3 h5 36. g5 Bc6 37. Qd3 Be4 38. Qc4+ Kb8 39. Qf7 Rc8
40. Bd4 Bc7 41. Qe7 Bf5 42. Qc5 b6 43. Qc6 Bd8 44. Qd6+ Bc7 45. Qc6 Bd8 46.
Qd6+ Bc7 1/2-1/2

[Event "CAN-ch"]
[Site "Kitchener CAN"]
[Date "2007.08.01"]
[Round "1"]
[White "Sundar, Avinaash"]
[Black "Panjwani, Raja"]
[Result "0-1"]
[WhiteElo "2086"]
[BlackElo "2283"]
[PlyCount "84"]
[EventDate "2007.08.01"]
[EventType "swiss"]
[EventRounds "9"]
[EventCountry "CAN"]

1. c4 b6 2. Nc3 Bb7 3. Nf3 c5 4. g3 Bxf3 5. exf3 Nc6 6. Bg2 g6 7. O-O Bg7 8.
Rb1 Nh6 9. Nd5 Nf5 10. d3 O-O 11. f4 Rc8 12. a3 d6 13. b4 Qd7 14. Bh3 e6 15.
Ne3 Nce7 16. Bb2 Bxb2 17. Rxb2 Nd4 18. Bg2 Rfd8 19. b5 Nef5 20. Qd2 Qe7 21. Re1
Qf6 22. Rbb1 h5 23. h3 Rc7 24. a4 Ne7 25. a5 h4 26. Nc2 Nxc2 27. Qxc2 d5 28.
axb6 axb6 29. Kh2 Rcd7 30. Rbd1 Qd4 31. cxd5 Nxd5 32. Re4 Qc3 33. Qa4 Qf6 34.
Rc4 hxg3+ 35. fxg3 Ne3 36. Be4 Qb2+ 37. Kg1 Nxc4 38. Qxc4 Rd4 39. Qc1 Qxc1 40.
Rxc1 f5 41. Bc6 Rxd3 42. g4 Rd1+ 0-1

[Event "CAN-ch"]
[Site "Kitchener CAN"]
[Date "2007.08.01"]
[Round "2"]
[White "Panjwani, Raja"]
[Black "Ochkoos, Jura"]
[Result "1/2-1/2"]
[WhiteElo "2283"]
[BlackElo "2319"]
[PlyCount "97"]
[EventDate "2007.08.01"]
[EventType "swiss"]
[EventRounds "9"]
[EventCountry "CAN"]

1. e4 e5 2. Nf3 Nc6 3. Bb5 Nf6 4. O-O Nxe4 5. d4 Nd6 6. Bxc6 dxc6 7. dxe5 Nf5
8. Qxd8+ Kxd8 9. Nc3 h6 10. h3 Bd7 11. b3 Kc8 12. Bb2 Ne7 13. Rad1 Ng6 14. Rfe1
Be7 15. Ne2 Rg8 16. Ned4 Nf8 17. c4 c5 18. e6 Nxe6 19. Nf5 Bd8 20. Ne5 Be8 21.
Rxd8+ Kxd8 22. Rd1+ Kc8 23. Ne7+ Kb8 24. Nxg8 b6 25. Ne7 Kb7 26. Nf5 f6 27. Nf3
Bc6 28. Re1 Nf4 29. Bc1 Nd3 30. Rd1 Be4 31. Ng3 Bh7 32. Ne1 Nb4 33. Rd7 Re8 34.
Bd2 Nxa2 35. Rxg7 Bg8 36. Nh5 Nc1 37. Bxc1 Rxe1+ 38. Kh2 Bxc4 39. Bf4 Bxb3 40.
Rxc7+ Ka8 41. Nxf6 a5 42. Nd7 Re6 43. Rc8+ Ka7 44. Rc7+ Ka8 45. Ne5 Bd5 46. Rd7
Bc6 47. Rc7 Bd5 48. Rd7 Bc6 49. Rc7 1/2-1/2

[Event "CAN-ch"]
[Site "Kitchener CAN"]
[Date "2007.08.02"]
[Round "3"]
[White "Noritsyn, Nikolay"]
[Black "Panjwani, Raja"]
[Result "1-0"]
[WhiteElo "2336"]
[BlackElo "2283"]
[PlyCount "113"]
[EventDate "2007.08.01"]
[EventType "swiss"]
[EventRounds "9"]
[EventCountry "CAN"]

1. Nf3 Nf6 2. d4 d6 3. Nbd2 Nbd7 4. e4 e5 5. c3 c6 6. Bd3 Qc7 7. O-O Be7 8. Re1
O-O 9. Nf1 Re8 10. Ng3 Bf8 11. a4 g6 12. a5 Bg7 13. h3 h6 14. b4 d5 15. dxe5
Nxe5 16. Bf4 Nxf3+ 17. Qxf3 Qe7 18. Re2 dxe4 19. Nxe4 Nxe4 20. Bxe4 Qf6 21. Bd2
Qxf3 22. Bxf3 Rxe2 23. Bxe2 Be6 24. a6 b6 25. Rc1 Rd8 26. Be3 b5 27. c4 bxc4
28. Bxc4 Bb2 29. Rc2 Rd1+ 30. Kh2 Be5+ 31. f4 Bd4 32. Be2 Bb3 33. Bxd4 Bxc2 34.
Bxa7 Rd8 35. Bc5 Bd3 36. Bxd3 Rxd3 37. a7 Rd8 38. Bd6 Ra8 39. Bb8 f5 40. Kg3
Kf7 41. Kf3 Ke6 42. Ke3 Kd5 43. Kd3 c5 44. b5 g5 45. g3 gxf4 46. gxf4 c4+ 47.
Kc3 Kc5 48. b6 Kxb6 49. Kxc4 Kc6 50. Kd4 Kd7 51. Ke5 Ke7 52. Kxf5 Kf7 53. Ke5
Ke7 54. f5 Kf7 55. f6 h5 56. h4 Kf8 57. Ke6 1-0

[Event "CAN-ch"]
[Site "Kitchener CAN"]
[Date "2007.08.03"]
[Round "4"]
[White "Panjwani, Raja"]
[Black "Inigo, Aquino"]
[Result "1-0"]
[WhiteElo "2283"]
[BlackElo "1852"]
[PlyCount "107"]
[EventDate "2007.08.01"]
[EventType "swiss"]
[EventRounds "9"]
[EventCountry "CAN"]

1. e4 e6 2. Qe2 c5 3. d3 Nc6 4. Nf3 Be7 5. g3 d5 6. Bg2 Nf6 7. O-O O-O 8. Re1
dxe4 9. dxe4 e5 10. c3 Qc7 11. Na3 a6 12. Nc4 Be6 13. Ng5 Bxc4 14. Qxc4 h6 15.
Nf3 b5 16. Qe2 Nd7 17. Nd2 Rfd8 18. Nf1 c4 19. Ne3 Nc5 20. Nd5 Qb7 21. Qg4 Kh8
22. Qh5 Bf8 23. Be3 Nd3 24. Re2 Rd6 25. f4 f6 26. Rf1 Kh7 27. Bh3 g6 28. Qh4
Bg7 29. fxe5 fxe5 30. Nf6+ Bxf6 31. Rxf6 Rxf6 32. Qxf6 Na5 33. Qd6 Qg7 34. b4
Nb7 35. Qc6 Rf8 36. Qxa6 Qf7 37. Bg2 Qd7 38. a4 Nxb4 39. Rd2 Nd3 40. Qxb5 Qxb5
41. axb5 Ra8 42. Bf1 Ra1 43. Kg2 Nbc5 44. Bxc5 Nxc5 45. Bxc4 Nxe4 46. Rd7+ Kh8
47. b6 Nc5 48. Rc7 Rb1 49. Rxc5 Rxb6 50. Rxe5 Rc6 51. Re4 Kg7 52. Kf3 Kf6 53.
Ke3 Kf5 54. Kd3 1-0

[Event "CAN-ch"]
[Site "Kitchener CAN"]
[Date "2007.08.03"]
[Round "5"]
[White "Panjwani, Raja"]
[Black "Hua, Lefong"]
[Result "1-0"]
[WhiteElo "2283"]
[BlackElo "2323"]
[PlyCount "49"]
[EventDate "2007.08.01"]
[EventType "swiss"]
[EventRounds "9"]
[EventCountry "CAN"]

1. e4 c5 2. Nf3 e6 3. Nc3 a6 4. d4 cxd4 5. Nxd4 Qc7 6. g3 Nc6 7. Bg2 b5 8. O-O
Bb7 9. Re1 d6 10. a4 b4 11. Nd5 Qa5 12. Nxc6 Bxc6 13. Qd4 Bxd5 14. exd5 e5 15.
Bd2 Be7 16. Bxb4 Qc7 17. Qd2 a5 18. Bc3 Nf6 19. Bxe5 dxe5 20. d6 O-O-O 21. Bh3+
Kb7 22. Rxe5 Rxd6 23. Qe3 Bd8 24. Rc5 Qe7 25. Rb5+ 1-0

[Event "CAN-ch"]
[Site "Kitchener CAN"]
[Date "2007.08.03"]
[Round "6"]
[White "Predescu, Sebastian"]
[Black "Panjwani, Raja"]
[Result "1/2-1/2"]
[WhiteElo "2236"]
[BlackElo "2283"]
[PlyCount "57"]
[EventDate "2007.08.01"]
[EventType "swiss"]
[EventRounds "9"]
[EventCountry "CAN"]

1. e4 c5 2. Nf3 d6 3. d4 cxd4 4. Nxd4 Nf6 5. Nc3 a6 6. Be3 e5 7. Nde2 Qc7 8.
Ng3 b5 9. Nh5 Nbd7 10. Bd3 b4 11. Nxf6+ Nxf6 12. Nd5 Nxd5 13. exd5 f5 14. a3
Qb7 15. O-O Be7 16. axb4 O-O 17. f3 Qxb4 18. Qd2 Qxd2 19. Bxd2 Bd8 20. Be3 Rb8
21. Bxa6 Bb6 22. Rfe1 Bxe3+ 23. Rxe3 Rxb2 24. Rc3 Bb7 25. Bxb7 Rxb7 26. Ra6 Rd8
27. Rcc6 Rbd7 28. Kf2 Kf7 29. Ke3 1/2-1/2

[Event "CAN-ch"]
[Site "Kitchener CAN"]
[Date "2007.08.05"]
[Round "8"]
[White "Chung, Kevin"]
[Black "Panjwani, Raja"]
[Result "0-1"]
[WhiteElo "2217"]
[BlackElo "2283"]
[PlyCount "108"]
[EventDate "2007.08.01"]
[EventType "swiss"]
[EventRounds "9"]
[EventCountry "CAN"]

1. e4 d6 2. d4 Nf6 3. Nc3 e5 4. Nf3 Nbd7 5. Bc4 Be7 6. O-O O-O 7. dxe5 dxe5 8.
Qe2 c6 9. a4 Qc7 10. Bg5 Re8 11. Bxf6 Bxf6 12. Qe3 h6 13. Rfd1 Qb6 14. Qxb6
Nxb6 15. Bb3 a5 16. h3 Kf8 17. Rd6 Nd7 18. Rad1 Nc5 19. Bc4 Ke7 20. Kh2 h5 21.
g3 Ne6 22. R6d3 Rd8 23. Rxd8 Nxd8 24. Rd2 Ne6 25. Ne1 h4 26. g4 Bg5 27. Rd1 Nd4
28. Ne2 Nxe2 29. Bxe2 Bf4+ 30. Kg2 Be6 31. Nd3 Rd8 32. Kf3 g5 33. Nc5 Rxd1 34.
Bxd1 Bc8 35. Nb3 b6 36. Ke2 Ba6+ 37. Ke1 c5 38. Be2 c4 39. Nd2 Bxd2+ 40. Kxd2
c3+ 41. bxc3 Bxe2 42. Kxe2 Kd6 43. Kd2 Kc5 44. Kd3 b5 45. axb5 Kxb5 46. c4+ Kb4
47. f3 a4 48. c5 Kxc5 49. Kc3 f6 50. Kb2 Kb4 51. Ka2 a3 52. Ka1 Kc3 53. Ka2
Kxc2 54. Kxa3 Kd3 0-1

[Event "CAN-op"]
[Site "Ottawa CAN"]
[Date "2007.07.07"]
[Round "1"]
[White "Panjwani, Raja"]
[Black "Tiviakov, Sergei"]
[Result "0-1"]
[WhiteElo "2222"]
[BlackElo "2663"]
[PlyCount "78"]
[EventDate "2007.07.07"]
[EventType "swiss"]
[EventRounds "10"]
[EventCountry "CAN"]

1. e4 c5 2. Nf3 d6 3. d4 cxd4 4. Nxd4 Nf6 5. f3 Nc6 6. c4 g6 7. Be3 Bg7 8. Qd2
O-O 9. Be2 Nxd4 10. Bxd4 a5 11. Nc3 Bd7 12. b3 Bc6 13. a3 Nd7 14. Bxg7 Kxg7 15.
Qd4+ Kg8 16. Rd1 Qb6 17. Qxb6 Nxb6 18. Kd2 f5 19. Nd5 Bxd5 20. exd5 Rfc8 21.
Rc1 Nd7 22. Rc3 Kf7 23. Rb1 Rc7 24. Rb2 Rac8 25. Rbc2 Kf6 26. b4 f4 27. Kd3 Ra8
28. c5 axb4 29. axb4 dxc5 30. bxc5 Ra5 31. Kd4 Ra4+ 32. Rc4 Rxc5 33. Rxa4 Rxc2
34. Kd3 Nc5+ 35. Kxc2 Nxa4 36. g3 fxg3 37. hxg3 Ke5 38. f4+ Kd4 39. Bf3 Nc5 0-1

[Event "CAN-op"]
[Site "Ottawa CAN"]
[Date "2007.07.08"]
[Round "2"]
[White "Sharpe, Sam"]
[Black "Panjwani, Raja"]
[Result "0-1"]
[WhiteElo "2062"]
[BlackElo "2222"]
[PlyCount "46"]
[EventDate "2007.07.07"]
[EventType "swiss"]
[EventRounds "10"]
[EventCountry "CAN"]

1. d4 Nf6 2. Nf3 g6 3. Nc3 c5 4. d5 d6 5. e4 Bg7 6. Be2 O-O 7. O-O Na6 8. h3
Nc7 9. a4 Rb8 10. Re1 b6 11. Bg5 Nd7 12. Qd2 a6 13. Bh6 b5 14. Bxg7 Kxg7 15.
axb5 axb5 16. Bf1 b4 17. Ne2 f6 18. Ng3 Ra8 19. Rad1 Ba6 20. Bxa6 Rxa6 21. Nh4
Ra2 22. Ngf5+ gxf5 23. Nxf5+ Kh8 0-1

[Event "CAN-op"]
[Site "Ottawa CAN"]
[Date "2007.07.08"]
[Round "3"]
[White "Panjwani, Raja"]
[Black "Mattson, Dane"]
[Result "1/2-1/2"]
[WhiteElo "2222"]
[BlackElo "2038"]
[PlyCount "54"]
[EventDate "2007.07.07"]
[EventType "swiss"]
[EventRounds "10"]
[EventCountry "CAN"]

1. e4 e6 2. d4 d5 3. Nc3 Nf6 4. Bg5 dxe4 5. Nxe4 Be7 6. Bxf6 Bxf6 7. Nf3 Nd7 8.
c3 O-O 9. Qd2 Qe7 10. g4 g6 11. h4 Bg7 12. O-O-O b6 13. Bd3 Bb7 14. g5 c5 15.
Qf4 cxd4 16. cxd4 e5 17. dxe5 Bxe4 18. Bxe4 Rac8+ 19. Kb1 Nxe5 20. Nd4 Nc4 21.
a3 Nxb2 22. Kxb2 Qc5 23. Bb7 Rcd8 24. Qc1 Bxd4+ 25. Ka2 Qe7 26. Ba6 Qe6+ 27.
Qc4 Qxc4+ 1/2-1/2

[Event "CAN-op"]
[Site "Ottawa CAN"]
[Date "2007.07.09"]
[Round "4"]
[White "Palsson, Halldor"]
[Black "Panjwani, Raja"]
[Result "1/2-1/2"]
[WhiteElo "2066"]
[BlackElo "2222"]
[PlyCount "60"]
[EventDate "2007.07.07"]
[EventType "swiss"]
[EventRounds "10"]
[EventCountry "CAN"]

1. d4 Nf6 2. c4 g6 3. Nc3 Bg7 4. e4 d6 5. f3 O-O 6. Be3 a6 7. Qd2 Nbd7 8. Nh3
c5 9. d5 Qa5 10. Rc1 b5 11. cxb5 Ne5 12. Nf2 axb5 13. Bxb5 Ba6 14. Bxa6 Qxa6
15. Qe2 Qxe2+ 16. Kxe2 Nc4 17. Nfd1 Nh5 18. g3 Nxe3 19. Nxe3 Bxc3 20. bxc3
Rxa2+ 21. Rc2 Rfa8 22. Rhc1 R8a4 23. Kd3 Nf6 24. Rxa2 Rxa2 25. Rc2 Ra4 26. Rb2
Nd7 27. Nc4 Nf6 28. Rb7 Kf8 29. Rb8+ Kg7 30. Rb7 Kf8 1/2-1/2

[Event "CAN-op"]
[Site "Ottawa CAN"]
[Date "2007.07.10"]
[Round "5"]
[White "Panjwani, Raja"]
[Black "Yu, Marco"]
[Result "1-0"]
[WhiteElo "2222"]
[BlackElo "2023"]
[PlyCount "83"]
[EventDate "2007.07.07"]
[EventType "swiss"]
[EventRounds "10"]
[EventCountry "CAN"]

1. d4 d5 2. Bg5 c6 3. e3 Bf5 4. Bd3 Bxd3 5. Qxd3 Nd7 6. Nf3 Ngf6 7. Nbd2 e6 8.
O-O Be7 9. c4 O-O 10. c5 b5 11. a4 a6 12. Ra2 Qc8 13. Rfa1 Qb7 14. axb5 axb5
15. Ra5 Rxa5 16. Rxa5 Ra8 17. Qa3 Rxa5 18. Qxa5 Kf8 19. Bf4 Ke8 20. Bc7 Ng8 21.
Nb3 f6 22. Ne1 Nh6 23. Nd3 Nf7 24. Bb6 e5 25. Qa7 Qxa7 26. Bxa7 Nf8 27. f4 exf4
28. Nxf4 Kd7 29. Na5 Nd8 30. Bb6 Nfe6 31. Nd3 g6 32. Kf2 Bf8 33. g4 Bg7 34. Nb4
f5 35. gxf5 gxf5 36. Kf3 Bf6 37. Bxd8 Nxd8 38. Kf4 h6 39. Kxf5 Bg5 40. Nc2 Ne6
41. Nxc6 Nxc5 42. Ne5+ 1-0